Electromagnetism for engineers (Record no. 15017)

000 -LEADER
fixed length control field 00648nam a2200217 i 4500
001 - CONTROL NUMBER
control field 15017
003 - CONTROL NUMBER IDENTIFIER
control field BD-DhUET
008 - FIXED-LENGTH DATA ELEMENTS--GENERAL INFORMATION
fixed length control field 770920s1978 enka b 001 0 eng
020 ## - INTERNATIONAL STANDARD BOOK NUMBER
International Standard Book Number 0080221033
040 ## - CATALOGING SOURCE
Original cataloging agency DLC
Transcribing agency DLC
Modifying agency BD-DhUET
082 ## - DEWEY DECIMAL CLASSIFICATION NUMBER
Classification number 537.12
Item number HAM/1964
100 1# - MAIN ENTRY--PERSONAL NAME
Personal name Hammond, P.
245 10 - TITLE STATEMENT
Title Electromagnetism for engineers
Remainder of title an introductory course
250 ## - EDITION STATEMENT
Edition statement 2nd ed.
260 ## - PUBLICATION, DISTRIBUTION, ETC. (IMPRINT)
Place of publication, distribution, etc. Oxford
Name of publisher, distributor, etc. Pergamon Press
Date of publication, distribution, etc. 1978
300 ## - PHYSICAL DESCRIPTION
Extent ix 209p.
Other physical details ill.
Dimensions 21 cm.
490 0# - SERIES STATEMENT
Series statement Pergamon international library of science, technology, engineering and social studies
504 ## - BIBLIOGRAPHY, ETC. NOTE
Bibliography, etc Includes bibliographies
650 #0 - SUBJECT ADDED ENTRY--TOPICAL TERM
Topical term or geographic name as entry element Electromagnetism
942 ## - ADDED ENTRY ELEMENTS (KOHA)
Koha item type General Book
Holdings
Copy number Koha normalized classification for sorting Date acquired Source of classification or shelving scheme Koha item type Koha date last seen Withdrawn status Koha full call number Sublocation or collection (holding branch) Not for loan Piece designation (barcode) Lost status Location (home branch) Damaged status Price effective from Shelving location
1537_120000000000000_HAM_19642015-03-10 Edited Book2015-03-10 537.12/HAM/1964Central Library, BUET 43987 Central Library, BUET 2015-03-10Circulation section
2537_120000000000000_HAM_19642015-03-10 Edited Book2015-03-10 537.12/HAM/1964Central Library, BUET 51408 Central Library, BUET 2015-03-10Circulation section